000 00593nam a2200193 i 4500
001 51415
003 ES-MaACL
005 20240524062952.0
007 t|
008 030813s1932 fr ||||1| fre d
100 0 _aChesterton, G. K.,
_d1874-1936
_938399
245 1 2 _aL'incredulite de Pere Brown /
_cG.K. Chesterton ; traduit de l'anglais par M. François Maury.
250 _a2eme ed.
260 _aParís :
_bGallimard,
_c1932 (
_fChantenay)
300 _a269 p. ;
_c19 cm.
700 0 _aMaury, François.
_979273
852 _aES-MaACL
_jA-2424
999 _c51415
_d51415